| 000 | 01017cam a22002651 4500 | ||
|---|---|---|---|
| 001 | gs 37000130 | ||
| 003 | DLC | ||
| 005 | 20260227111341.0 | ||
| 008 | 761110s1936 oncb b 000 0 eng c | ||
| 010 | _ags 37000130 | ||
| 035 | _a(OCoLC)2549702 | ||
| 040 |
_aU.S.Geol.survey. Library _cOGraD _dNSbSU _dDLC |
||
| 050 | 0 | 0 |
_aQE185 _b.A2 no. 194 |
| 051 |
_aQE187 _b.H3 |
||
| 100 | 1 |
_aHanson, George, _d1891- |
|
| 245 | 1 | 0 |
_aEagle-McDame area, Cassiar district, British Columbia, _cby G. Hanson and D. A. McNaughton. |
| 260 |
_aOttawa, _bJ.O. Patenaude, I.S.O., printer to the King, _c1936. |
||
| 300 |
_a2 p. l., 16 p. _bfold. map (in pocket) _c25 cm. |
||
| 490 | 1 | _aCanada. Geological Survey. Memoir 194 | |
| 500 | _aAt head of title: Canada. Department of Mines ... Bureau of Economic Geology. | ||
| 500 | _aIn lower right corner of t.-p.: no.2418. | ||
| 504 | _aBibliographical foot-notes. | ||
| 650 | 0 |
_aGeology _zBritish Columbia _zEagle-McDame area. |
|
| 830 | 0 |
_aMemoir (Geological Survey of Canada) ; _v194 |
|
| 999 |
_c27351 _d27351 |
||